<?xml version="1.0" encoding="UTF-8"?>
<collection xmlns="http://www.loc.gov/MARC21/slim">
 <record>
  <leader>02649nam a22006617a 4500</leader>
  <controlfield tag="001">000202489</controlfield>
  <controlfield tag="003">CZ-PrVSE</controlfield>
  <controlfield tag="005">20120427110607.0</controlfield>
  <controlfield tag="007">ta</controlfield>
  <controlfield tag="008">110810s1987    gw     fr     000 0 ger d</controlfield>
  <datafield tag="020" ind1=" " ind2=" ">
   <subfield code="a">3-423-05923-0</subfield>
   <subfield code="q">(brož. ;</subfield>
   <subfield code="q">soubor)</subfield>
  </datafield>
  <datafield tag="035" ind1=" " ind2=" ">
   <subfield code="a">(OCoLC)84591622</subfield>
  </datafield>
  <datafield tag="040" ind1=" " ind2=" ">
   <subfield code="a">ABA006</subfield>
   <subfield code="b">cze</subfield>
   <subfield code="c">ABA006</subfield>
   <subfield code="d">ABA006</subfield>
  </datafield>
  <datafield tag="072" ind1=" " ind2="7">
   <subfield code="a">338.3/.4</subfield>
   <subfield code="x">Hospodářská a výrobní odvětví</subfield>
   <subfield code="2">Konspekt</subfield>
   <subfield code="9">4</subfield>
  </datafield>
  <datafield tag="072" ind1=" " ind2="9">
   <subfield code="a">338</subfield>
   <subfield code="x">Production</subfield>
   <subfield code="2">Conspectus</subfield>
   <subfield code="9">4</subfield>
  </datafield>
  <datafield tag="080" ind1=" " ind2=" ">
   <subfield code="a">338(091)</subfield>
   <subfield code="2">MRF</subfield>
  </datafield>
  <datafield tag="080" ind1=" " ind2=" ">
   <subfield code="a">330.342.14</subfield>
   <subfield code="2">MRF</subfield>
  </datafield>
  <datafield tag="080" ind1=" " ind2=" ">
   <subfield code="a">330.812</subfield>
   <subfield code="2">MRF</subfield>
  </datafield>
  <datafield tag="080" ind1=" " ind2=" ">
   <subfield code="a">94&quot;04/14&quot;</subfield>
   <subfield code="2">MRF</subfield>
  </datafield>
  <datafield tag="080" ind1=" " ind2=" ">
   <subfield code="a">94&quot;15/...&quot;</subfield>
   <subfield code="2">MRF</subfield>
  </datafield>
  <datafield tag="080" ind1=" " ind2=" ">
   <subfield code="a">338</subfield>
   <subfield code="2">MRF</subfield>
  </datafield>
  <datafield tag="080" ind1=" " ind2=" ">
   <subfield code="a">(4)</subfield>
   <subfield code="2">MRF</subfield>
  </datafield>
  <datafield tag="080" ind1=" " ind2=" ">
   <subfield code="a">(73)</subfield>
   <subfield code="2">MRF</subfield>
  </datafield>
  <datafield tag="080" ind1=" " ind2=" ">
   <subfield code="a">(048.8)</subfield>
   <subfield code="2">MRF</subfield>
  </datafield>
  <datafield tag="099" ind1=" " ind2="9">
   <subfield code="a">338SOM</subfield>
  </datafield>
  <datafield tag="100" ind1="1" ind2=" ">
   <subfield code="a">Sombart, Werner,</subfield>
   <subfield code="d">1863-1941</subfield>
   <subfield code="7">jn20000701674</subfield>
   <subfield code="4">aut</subfield>
  </datafield>
  <datafield tag="245" ind1="1" ind2="4">
   <subfield code="a">Der moderne Kapitalismus :</subfield>
   <subfield code="b">historisch-systematische Darstellung des gesamteuropäischen Wirtschaftslebens von seinen Anfängen bis zur Gegenwart.</subfield>
   <subfield code="n">Erster Band,</subfield>
   <subfield code="p">Die vorkapitalistische Wirtschaft /</subfield>
   <subfield code="c">Werner Sombart</subfield>
  </datafield>
  <datafield tag="246" ind1="3" ind2="0">
   <subfield code="a">Vorkapitalistische Wirtschaft</subfield>
  </datafield>
  <datafield tag="260" ind1=" " ind2=" ">
   <subfield code="a">München :</subfield>
   <subfield code="b">Deutscher Taschenbuch Verlag,</subfield>
   <subfield code="c">1987</subfield>
  </datafield>
  <datafield tag="300" ind1=" " ind2=" ">
   <subfield code="a">2 sv.</subfield>
  </datafield>
  <datafield tag="504" ind1=" " ind2=" ">
   <subfield code="a">Obsahuje bibliografie a bibliografické odkazy</subfield>
  </datafield>
  <datafield tag="505" ind1="0" ind2=" ">
   <subfield code="a">díl I. Erster Halbband. 1987. xxiv, 462 s. — díl II. Zweiter Halbband. 1987. ix, s. 463-919.</subfield>
  </datafield>
  <datafield tag="648" ind1=" " ind2="7">
   <subfield code="a">15.-19. století</subfield>
   <subfield code="7">ch757038</subfield>
   <subfield code="2">czenas</subfield>
  </datafield>
  <datafield tag="650" ind1="0" ind2="7">
   <subfield code="a">hospodářské dějiny</subfield>
   <subfield code="7">ph114703</subfield>
   <subfield code="2">czenas</subfield>
  </datafield>
  <datafield tag="650" ind1="0" ind2="7">
   <subfield code="a">kapitalismus</subfield>
   <subfield code="7">ph121442</subfield>
   <subfield code="2">czenas</subfield>
  </datafield>
  <datafield tag="650" ind1="0" ind2="7">
   <subfield code="a">merkantilismus</subfield>
   <subfield code="7">ph122762</subfield>
   <subfield code="2">czenas</subfield>
  </datafield>
  <datafield tag="650" ind1="0" ind2="7">
   <subfield code="a">středověk</subfield>
   <subfield code="7">ph126223</subfield>
   <subfield code="2">czenas</subfield>
  </datafield>
  <datafield tag="650" ind1="0" ind2="7">
   <subfield code="a">novověk</subfield>
   <subfield code="7">ph117243</subfield>
   <subfield code="2">czenas</subfield>
  </datafield>
  <datafield tag="650" ind1="0" ind2="7">
   <subfield code="a">hospodářské poměry</subfield>
   <subfield code="7">ph137610</subfield>
   <subfield code="2">czenas</subfield>
  </datafield>
  <datafield tag="651" ind1=" " ind2="7">
   <subfield code="a">Evropa</subfield>
   <subfield code="7">ge137210</subfield>
   <subfield code="2">czenas</subfield>
  </datafield>
  <datafield tag="651" ind1=" " ind2="7">
   <subfield code="a">Spojené státy americké</subfield>
   <subfield code="7">ge128584</subfield>
   <subfield code="2">czenas</subfield>
  </datafield>
  <datafield tag="655" ind1=" " ind2="7">
   <subfield code="a">monografie</subfield>
   <subfield code="7">fd132842</subfield>
   <subfield code="2">czenas</subfield>
  </datafield>
  <datafield tag="648" ind1=" " ind2="9">
   <subfield code="a">15th-19th centuries</subfield>
   <subfield code="2">eczenas</subfield>
  </datafield>
  <datafield tag="650" ind1="0" ind2="9">
   <subfield code="a">economic history</subfield>
   <subfield code="2">eczenas</subfield>
  </datafield>
  <datafield tag="650" ind1="0" ind2="9">
   <subfield code="a">capitalism</subfield>
   <subfield code="2">eczenas</subfield>
  </datafield>
  <datafield tag="650" ind1="0" ind2="9">
   <subfield code="a">mercantilism</subfield>
   <subfield code="2">eczenas</subfield>
  </datafield>
  <datafield tag="650" ind1="0" ind2="9">
   <subfield code="a">middle ages</subfield>
   <subfield code="2">eczenas</subfield>
  </datafield>
  <datafield tag="650" ind1="0" ind2="9">
   <subfield code="a">modern history</subfield>
   <subfield code="2">eczenas</subfield>
  </datafield>
  <datafield tag="650" ind1="0" ind2="9">
   <subfield code="a">economic conditions</subfield>
   <subfield code="2">eczenas</subfield>
  </datafield>
  <datafield tag="651" ind1=" " ind2="9">
   <subfield code="a">Europe</subfield>
   <subfield code="2">eczenas</subfield>
  </datafield>
  <datafield tag="651" ind1=" " ind2="9">
   <subfield code="a">United States</subfield>
   <subfield code="2">eczenas</subfield>
  </datafield>
  <datafield tag="655" ind1=" " ind2="9">
   <subfield code="a">monographs</subfield>
   <subfield code="2">eczenas</subfield>
  </datafield>
  <datafield tag="910" ind1=" " ind2=" ">
   <subfield code="a">ABA006</subfield>
   <subfield code="b">F208760/I/1-2</subfield>
   <subfield code="s">1-2</subfield>
   <subfield code="t">v</subfield>
  </datafield>
  <datafield tag="993" ind1=" " ind2=" ">
   <subfield code="a">005290620</subfield>
  </datafield>
  <datafield tag="996" ind1=" " ind2=" ">
   <subfield code="1">PKHD</subfield>
   <subfield code="3">F208760/I/1</subfield>
   <subfield code="4">N:P</subfield>
   <subfield code="5">3142250046</subfield>
   <subfield code="7">Erster Halbband</subfield>
   <subfield code="8">20110810</subfield>
   <subfield code="9">338SOM</subfield>
   <subfield code="b">1. díl</subfield>
   <subfield code="f">83</subfield>
   <subfield code="h">Erster Halbband</subfield>
   <subfield code="l">UEP01</subfield>
   <subfield code="m">BOOK</subfield>
   <subfield code="q">KHD</subfield>
   <subfield code="t">na dislokovaném</subfield>
   <subfield code="u">UEP01</subfield>
   <subfield code="w">20110810</subfield>
  </datafield>
  <datafield tag="996" ind1=" " ind2=" ">
   <subfield code="1">PKHD</subfield>
   <subfield code="3">F208760/I/2</subfield>
   <subfield code="4">N:P</subfield>
   <subfield code="5">3142250047</subfield>
   <subfield code="7">Zweiter Halbband</subfield>
   <subfield code="8">20110810</subfield>
   <subfield code="9">338SOM</subfield>
   <subfield code="b">2. díl</subfield>
   <subfield code="f">83</subfield>
   <subfield code="h">Zweiter Halbband</subfield>
   <subfield code="l">UEP01</subfield>
   <subfield code="m">BOOK</subfield>
   <subfield code="q">KHD</subfield>
   <subfield code="t">na dislokovaném</subfield>
   <subfield code="u">UEP01</subfield>
   <subfield code="w">20110810</subfield>
  </datafield>
 </record>
</collection>
